000 00338 a2200157 4500
001 152401
040 _cEscola São Tomás de Aquino
100 _aAZEVEDO, Álvares de
240 1 0 _aPoesias completas
_lpor
245 1 0 _aPoesias completas
300 _a176
362 0 _a1995
440 1 _aEdiouro
697 _aPoesia
942 _cBK
999 _c152401
_d152401